The serpentine-group minerals /
"Correlation of the physical and chemical properties in terms of crystal chemistry, and the application of geochemical data to the petrogenesis of serpentine and ultrabasic rocks."
| Main Author: | |
|---|---|
| Other Authors: | |
| Format: | Government Document Book |
| Language: | English |
| Published: |
Washington :
U.S. Govt. Print. Off,
1962.
|
| Series: | Studies of the natural phases in the system MgO-SiO₂-H₂O and the systems containing the congeners of magnesium.
Geological Survey professional paper ; 384-A. |
| Subjects: |
MARC
| Tag | First Indicator | Second Indicator | Subfields |
|---|---|---|---|
| LEADER | 00000cam a2200000 4500 | ||
| 001 | in00002784891 | ||
| 005 | 20151202171857.0 | ||
| 008 | 700407s1962 dcua b 000 0 eng | ||
| 010 | |a 70605567 | ||
| 035 | |a (OCoLC)ocm00066226 | ||
| 035 | |a (OCoLC)66226 | ||
| 040 | |a DLC |c DLC |d IAS |d BTCTA |d OCLCG |d ZEM |d OCLCA |d UtOrBLW | ||
| 049 | |a TXAM | ||
| 050 | 0 | 0 | |a QE75 |b .P9 no. 384-A |
| 082 | 0 | 0 | |a 550/.8 s |
| 086 | 0 | |a I 19.16:384-A | |
| 100 | 1 | |a Faust, George Tobias, |d 1908-1985. | |
| 245 | 1 | 4 | |a The serpentine-group minerals / |c by George T. Faust and Joseph J. Fahey. |
| 264 | 1 | |a Washington : |b U.S. Govt. Print. Off, |c 1962. | |
| 300 | |a v, 92 pages : |b illustrations ; |c 29 cm. | ||
| 336 | |a text |b txt |2 rdacontent | ||
| 337 | |a unmediated |b n |2 rdamedia | ||
| 338 | |a volume |b nc |2 rdacarrier | ||
| 490 | 1 | |a Studies of the natural phases in the system MgO-SiO₂-H₂O and the systems containing the congeners of magnesium | |
| 490 | 1 | |a Geological Survey professional paper 384-A | |
| 504 | |a Bibliography: pages 87-92. | ||
| 520 | |a "Correlation of the physical and chemical properties in terms of crystal chemistry, and the application of geochemical data to the petrogenesis of serpentine and ultrabasic rocks." | ||
| 650 | 0 | |a Serpentine. | |
| 700 | 1 | |a Fahey, Joseph J. |q (Joseph John), |d 1901- | |
| 830 | 0 | |a Studies of the natural phases in the system MgO-SiO₂-H₂O and the systems containing the congeners of magnesium. | |
| 830 | 0 | |a Geological Survey professional paper ; |v 384-A. | |
| 948 | |a cataloged |b h |c 2012/12/14 |d c |e mvaldespin |f 01:22:22 pm | ||
| 994 | |a C0 |b TXA | ||
| 999 | |a MARS | ||
| 999 | f | f | |s 83c82c3f-cfd4-3d2f-a27d-db73d012fc25 |i 2b470de1-e9f9-3444-b941-12ad5564ebe6 |t 0 |
| 952 | f | f | |p normal |a Texas A&M University |b College Station |c Sterling C. Evans Library |d Evans: US Documents (Annex 5th floor) |t 0 |e I 19.16:382-A-385 |h Superintendent of Documents classification |i unmediated -- volume |m A14837789682 |
| 952 | f | f | |a Texas A&M University |b College Station |c Sterling C. Evans Library |d Evans: US Documents (Annex 5th floor) |t 0 |e I 19.16:382-A-385 |h Superintendent of Documents classification |
| 998 | f | f | |a I 19.16:382-A-385 |t 0 |l Evans: US Documents (Annex 5th floor) |